000 00462nam a2200181Ia 4500
008 090124s9999 xx 000 0 und d
082 _b31099
100 _aभावे पु. भा.
245 _a कथामंथन
250 _a0
260 _c1992
300 _a214
600 _aभावे पु. भा.
630 _a कथामंथन
700 _aभावे पु. भा.
730 _a कथामंथन
942 _cBOOK
999 _c97167
_d97167